Sueños y memorias

Guardat en:
Dades bibliogràfiques
Autor principal: Valdés Subercaseaux, Gabriel (Autor)
Format: Llibre
Idioma:espanyol
Publicat: Madrid Taurus 2009
Edició:1a. ed
Matèries:
Etiquetes: Afegir etiqueta
Sense etiquetes, Sigues el primer a etiquetar aquest registre!

MARC

LEADER 00000cam a2200000 a 4500
001 UCH4421
003 CL-VaPUC
008 090820e20090000SP |||||||||||||||||spa|d
020 |a 9789562396714 
082 0 4 |a 923.2983  |b VAL  |2 21 
100 0 |a Valdés Subercaseaux, Gabriel  |e author  |9 539943 
245 1 0 |a Sueños y memorias 
250 |a 1a. ed 
300 |a 359 p 
942 |c BK 
945 |d 20090820 00:00:00  |a rbrito 
260 |a Madrid  |b Taurus  |c 2009 
650 0 |a Biografías  |9 255210 
650 7 |a MEMORIAS  |2 CL-VaPUC  |9 269159 
650 0 |a Relaciones Exteriores  |9 255379 
650 7 |a POLITICA CHILENA  |2 CL-VaPUC  |9 435961 
651 7 |a CHILE  |2 CL-VaPUC  |9 539944 
583 |a last modification  |c 20120102 11:20:35  |k Rodrigo Vera 
999 |c 335745  |d 335743 
952 |0 0  |1 0  |4 0  |6 923_298300000000000_VAL_2009  |7 0  |8 A  |9 426394  |a BIBHIS  |b BIBHIS  |d 2019-11-22  |i 4589432  |l 9  |m 1  |o 923.2983 VAL 2009  |p 4589432  |r 2025-01-20  |s 2023-11-20  |w 2019-11-22  |y BK  |k HIS 
952 |0 0  |1 0  |4 0  |6 923_298300000000000_VAL_2009  |7 0  |8 A  |9 426395  |a BIBHIS  |b BIBHIS  |d 2019-11-22  |i 483089K  |o 923.2983 VAL 2009  |p 483089K  |r 2025-01-20  |w 2019-11-22  |y BK  |k HIS